Normal view
MARC view
Entry Personal Name
001 - CONTROL NUMBER
- control field: 38247
003 - CONTROL NUMBER IDENTIFIER
- control field: ARRUPE
005 - DATE AND TIME OF LATEST TRANSACTION
- control field: 20180103151445.0
008 - FIXED-LENGTH DATA ELEMENTS
- fixed length control field: 180103|| aca||aabn | a|a d
040 ## - CATALOGING SOURCE
- Original cataloging agency: ARRUPE
- Transcribing agency: ARRUPE
100 ## - HEADING--PERSONAL NAME
- Personal name: Barham, Lawrence
670 ## - SOURCE DATA FOUND
- Source citation: Work cat.: (ARRUPE)925: Barham, Lawrence, The first Africans, 2008